000 01278nam a22002297a 4500
010 _aENG-109558
020 _c995.00
_a9789351343707
035 _aEN-93091
037 _bDBAD/PUB
082 _a005.7565
100 _aBryla, Bob
245 0 0 _aOracle database 12c :
_cby Bob Bryla [and] Kevin Loney
_bthe complete reference /
260 _aNew Delhi
_bMcGraw Hill Education
_c2014
270 _aP-24, Green Park Extn.
_bNew Delhi
_e110016
300 _axxix,1435p. :
_c24cm(pbk)
_bill.
500 _aIncludes index
520 _a "Maintain a scalable, highly available enterprise platform and reduce complexity by leveraging the powerful new tools and cloud enhancements of Oracle Database 12c. This authoritative Oracle Press guide offers complete coverage of installation, configuration, tuning, and administration. Find out how to build and populate Oracle databases, perform effective queries, design applications, and secure your enterprise data. Oracle Database 12c: The Complete Reference also contains a comprehensive appendix covering commands, keywords, features, and functions"-- |c Provided by publisher.
650 _aDatabase management.
650 _aRelational databases.
700 _aLoney, Kevin
942 _2ddc
_cEN
_mBRY
_h005.7565
999 _c83025
_d83025